Statistics for Top 10 newest countries

Click here to take the quiz!

General Stats

  • This quiz has been taken 41 times
  • The average score is 6 of 10

Answer Stats

YearCountry% Correct
2011South Sudan
97%
2006Serbia
78%
2006Montenegro
75%
1991Croatia
63%
1991North Macedonia
59%
1993Czech Republic
56%
1993Slovakia
56%
2002East Timor
53%
1993Eritrea
44%
1994Palau
41%

Score Distribution

Percentile by Number Answered

Percent of People with Each Score

Your Score History

You have not taken this quiz